The soul of Indian history, (Record no. 80754)
[ view plain ]
| 000 -LEADER | |
|---|---|
| fixed length control field | 00789cam a22002771 4500 |
| 001 - CONTROL NUMBER | |
| control field | sa 68005449 |
| 003 - CONTROL NUMBER IDENTIFIER | |
| control field | DLC |
| 005 - DATE AND TIME OF LATEST TRANSACTION | |
| control field | 20260227112509.0 |
| 008 - FIXED-LENGTH DATA ELEMENTS--GENERAL INFORMATION | |
| fixed length control field | 710915r1967 ii 000 0 eng |
| 010 ## - LIBRARY OF CONGRESS CONTROL NUMBER | |
| LC control number | sa 68005449 |
| 025 ## - OVERSEAS ACQUISITION NUMBER | |
| Overseas acquisition number | PL480:I-E-9889 |
| 040 ## - CATALOGING SOURCE | |
| Original cataloging agency | DLC |
| Transcribing agency | DLC |
| Modifying agency | DLC |
| 043 ## - GEOGRAPHIC AREA CODE | |
| Geographic area code | a-ii--- |
| 050 00 - LIBRARY OF CONGRESS CALL NUMBER | |
| Classification number | DS423 |
| Item number | .S469 1967 |
| 082 00 - DEWEY DECIMAL CLASSIFICATION NUMBER | |
| Classification number | 915.4/03 |
| 100 1# - MAIN ENTRY--PERSONAL NAME | |
| Personal name | Sharma, S. R. |
| Fuller form of name | (Shripad Rama), |
| Dates associated with a name | 1879- |
| 240 10 - UNIFORM TITLE | |
| Uniform title | India as I see her |
| 245 14 - TITLE STATEMENT | |
| Title | The soul of Indian history, |
| Statement of responsibility, etc. | by S. R. Sharma. |
| 250 ## - EDITION STATEMENT | |
| Edition statement | [1st ed.] |
| 260 ## - PUBLICATION, DISTRIBUTION, ETC. | |
| Place of publication, distribution, etc. | Bombay, |
| Name of publisher, distributor, etc. | Bharatiya Vidya Bhavan, |
| Date of publication, distribution, etc. | 1967. |
| 300 ## - PHYSICAL DESCRIPTION | |
| Extent | ix, 241 p. |
| Dimensions | 19 cm. |
| 350 ## - PRICE (NR) (BK AM CF MU VM SE) [OBSOLETE] | |
| Price | Rs2.50 |
| 490 0# - SERIES STATEMENT | |
| Series statement | Bhavan's book university, 148 |
| 500 ## - GENERAL NOTE | |
| General note | First ed., 1956, has title: India as I see her. |
| 651 #0 - SUBJECT ADDED ENTRY--GEOGRAPHIC NAME | |
| Geographic name | India |
| General subdivision | Civilization. |
No items available.